000 00483nam a2200181Ia 4500
008 090124s9999 xx 000 0 und d
082 _b110445
100 _aपानवलकर श्री. दा.
245 _a गजगा
250 _a1
260 _c1963
300 _a146
600 _aपानवलकर श्री. दा.
630 _a गजगा
700 _aपानवलकर श्री. दा.
730 _a गजगा
942 _cBOOK
999 _c156536
_d156536